000 00814nas a2200253 4500
001 BR9203492
003 BR-BrBNA
005 20231205092643.0
007 ta
008 230509b bl.|||p| |||| 00| 00por d
040 _aBR-BrBNA
_bpor
_cBiblioteca Nacional de Agricultura
041 _a(Pt)
072 _aL72
100 1 _aOliveira, C.M.B.
100 1 _aRibeiro, P.B.
245 1 _aEspecies de pulgas que parasitam caes em Porto Alegre e suas prevalencias mensais
650 _aPULGA
650 _aCAO
650 _aPARASITO DE ANIMAL
650 _aPORTO ALEGRE
773 0 _tArquivos da Faculdade de Veterinaria da Universidade Federal do Rio Grande do Sul (Brazil)
_xISSN 0101-5230
_g(Dec 1982-1983), v. 10-11 p. 29-33
_wBR9203492
909 _a202311
_bLúcia
_c55
_dLúcia Elande
942 _2AGRIS
_n0
_cANA
999 _c133172
_d133172